000 00687nam a2200205Ia 4500
001 13281
003 GE_BSU
008 181216s||||||||xx |||||||||||||| ||und||
040 _cGE_BSU
080 _a634.7
245 _aНовое в агротехнике ягодных культур
245 _bСборник переводов и обзоров из иностранной периодической литературы
245 _cПод.ред.В.Г.Трушечника
260 _aМосква
260 _bКолос
260 _c1972
300 _a231стр.20см.
653 _aНовое в агротехнике ягодных культур
942 _cBK
999 _c46443
_d46443